000 00724nam a22002297a 4500
005 20170124110222.0
010 _aB-107072
020 _c395.00
_a8170352657
035 _aB-107072
037 _bCen Lib/Ret
040 _aDPL
_bEN
082 _a576.163
_bSRI
100 _aSrivastava, Manish L.
_940016
245 _aHandbook of milk microbiology /
_cby Manish L. Srivastava
260 _aDelhi
_bDaya Publishing House
_c2002
270 _bDelhi
_a1123/74, Deva Ram Park, Tri Nagar
_e110035
300 _aviii,216p.
_c22cm(Hb)
500 _aIncludes bibliographical references
650 _aMilk -- Microbiology
_9138786
650 _a Dairy microbiology
_940018
942 _2ddc
_cEN
_h576.163
_mSRI
999 _c134183
_d134183